| 000 | 00663nam a2200205Ia 4500 | ||
|---|---|---|---|
| 003 | GCL | ||
| 008 | 140319s9999 xx 000 0 ara d | ||
| 040 |
_aGCL / _cGCL |
||
| 082 | 0 | 4 |
_a250 _bم م |
| 100 | 1 | _aمكية مرزا | |
| 245 | 1 | 0 |
_aمشكلات المرأة المسلمة المعاصرة : _bوحلها فى ضوء الكتاب والسنة / _cمكية مرزا |
| 250 | _aالاولى | ||
| 260 |
_aالرياض : _bدار المجتمع ، _c1990 |
||
| 300 |
_a471 ص ؛ _c24 سم |
||
| 490 | _a | ||
| 650 | 0 | 4 | _aالاسلام |
| 650 | 0 | 4 | _aالشريعة الاسلامية |
| 650 | 0 | 4 | _aالمرأة فى الاسلام |
| 942 |
_2ddc _cBK |
||
| 999 |
_c39305 _d39305 |
||